[Event "World Youth Open U14 2016"]
[Site "Khanty-Mansiysk RUS"]
[Date "2016.10.02"]
[Round "10.7"]
[White "Iniyan, P"]
[Black "Peng, David T"]
[Result "1/2-1/2"]
[BlackTitle "FM"]
[WhiteElo "2368"]
[BlackElo "2273"]
[WhiteFideId "25002767"]
[BlackFideId "2059355"]
[EventDate "2016.09.22"]

1. d4 d5 2. c4 c6 3. Nc3 Nf6 4. Nf3 a6 5. a4 g6 6. Bf4 Bg7 7. e3 O-O 8. Qb3 Qa5
9. Bd3 c5 10. dxc5 dxc4 11. Bxc4 Qxc5 12. O-O Nc6 13. Rfd1 b6 14. Rac1 Bb7 15.
Nd5 Nxd5 16. Rxd5 Qb4 17. Qxb4 Nxb4 18. Rd7 Bxf3 19. gxf3 Bf6 20. b3 Rad8 21.
Rcd1 Rxd7 22. Rxd7 Rc8 23. Kg2 Kf8 24. Rb7 Rc6 25. Bd5 Rc3 26. Rxb6 a5 27. Rb5
Nxd5 28. Rxd5 Rxb3 29. Rxa5 Ra3 30. Ra8+ Kg7 31. a5 Bc3 32. a6 f6 33. Bc7 Ra2
34. a7 Be1 35. Bg3 h5 36. Kf1 Bd2 37. Ke2 Ba5+ 38. Kd3 Bb6 39. Rb8 Bxa7 40. Ra8
Ra3+ 41. Ke2 Bc5 42. Rxa3 Bxa3 1/2-1/2

[Event "World Youth Open U14 2016"]
[Site "Khanty-Mansiysk RUS"]
[Date "2016.10.02"]
[Round "10.8"]
[White "Blohberger, Felix"]
[Black "Zhou, Junfeng"]
[Result "1/2-1/2"]
[WhiteTitle "FM"]
[WhiteElo "2256"]
[BlackElo "2125"]
[WhiteFideId "1632051"]
[BlackFideId "8615330"]
[EventDate "2016.09.22"]

1. d4 Nf6 2. c4 g6 3. Nc3 d5 4. cxd5 Nxd5 5. e4 Nxc3 6. bxc3 Bg7 7. Nf3 O-O 8.
Be3 c5 9. Qd2 Qa5 10. Rb1 a6 11. Rc1 Bg4 12. d5 e5 13. c4 Qc7 14. Be2 Bxf3 15.
Bxf3 Nd7 16. h4 f5 17. exf5 gxf5 18. d6 Qc8 19. Bd5+ Kh8 20. Bg5 e4 21. Rb1 Rb8
22. Be7 Ne5 23. Bxf8 Nd3+ 24. Kf1 Qxf8 25. Rh3 Qxd6 26. Qg5 Qe5 27. h5 h6 28.
Qg3 f4 29. Qg6 Qd4 30. Rxd3 Qxd3+ 31. Kg1 Qxb1+ 32. Kh2 Qb2 33. Bxe4 Kg8 34.
Bd5+ Kh8 35. Be4 1/2-1/2

[Event "World Youth Open U14 2016"]
[Site "Khanty-Mansiysk RUS"]
[Date "2016.10.02"]
[Round "10.9"]
[White "Pitzanti, Matteo"]
[Black "Ivic, Velimir"]
[Result "1/2-1/2"]
[BlackTitle "FM"]
[WhiteElo "2175"]
[BlackElo "2264"]
[WhiteFideId "890693"]
[BlackFideId "950122"]
[EventDate "2016.09.22"]

1. d4 Nf6 2. Nf3 g6 3. Bf4 Bg7 4. e3 O-O 5. h3 d6 6. Be2 c5 7. Nbd2 Nc6 8. c3
cxd4 9. exd4 e5 10. dxe5 dxe5 11. Bg5 h6 12. Bxf6 Bxf6 13. O-O Be6 14. Qa4 Bg7
15. Bc4 Bd7 16. Qa3 Kh7 17. Rfd1 f5 18. Nb3 Qe8 19. Nc5 Bc8 20. b4 e4 21. b5 Nd8
22. Nd4 Qe7 23. Qb4 Be5 24. Ncb3 Bd6 25. Qa4 Qe5 26. Ne2 Qh2+ 27. Kf1 Qh1+ 28.
Ng1 Bh2 29. Qb4 h5 30. Rd7+ Bxd7 31. Qxf8 Nc6 32. Qxa8 Qxg1+ 33. Ke2 Qxg2 34.
Qxb7 Qf3+ 35. Kd2 Qxf2+ 36. Kc1 Qe1+ 37. Kb2 Qe2+ 38. Kc1 Qe1+ 39. Kb2 Qe2+ 40.
Kc1 1/2-1/2

[Event "World Youth Open U14 2016"]
[Site "Khanty-Mansiysk RUS"]
[Date "2016.10.02"]
[Round "10.10"]
[White "Golikov, Daniil"]
[Black "Quirhuayo Chumbe, German Gonzalo"]
[Result "0-1"]
[BlackTitle "FM"]
[WhiteElo "2114"]
[BlackElo "2255"]
[WhiteFideId "24170623"]
[BlackFideId "3813509"]
[EventDate "2016.09.22"]

1. d4 Nf6 2. c4 e6 3. Nc3 Bb4 4. e3 O-O 5. Ne2 d5 6. a3 Bd6 7. cxd5 exd5 8. Ng3
Re8 9. Bd3 c5 10. O-O Nc6 11. dxc5 Bxc5 12. Nce2 h5 13. Nf5 g6 14. b4 Bb6 15.
Nfd4 Bc7 16. Nxc6 Bxh2+ 17. Kh1 bxc6 18. g3 Ng4 19. Nf4 Qf6 20. Ra2 g5 21. Ng2
Qh6 22. Be2 Bf5 23. Bb2 Rad8 24. Qd4 Re4 25. Qxa7 h4 26. gxh4 Bb8 27. Qb6 Rde8
28. Bd3 Nxf2+ 29. Rxf2 Rxh4+ 30. Nxh4 Qxh4+ 31. Kg1 Bxd3 32. Bc3 Qg4+ 33. Rg2
Qd1+ 0-1

[Event "World Youth Open U14 2016"]
[Site "Khanty-Mansiysk RUS"]
[Date "2016.10.02"]
[Round "10.11"]
[White "Miyasaka, Marcus M"]
[Black "Marchuk, Rostislav"]
[Result "1/2-1/2"]
[WhiteTitle "FM"]
[WhiteElo "2269"]
[BlackElo "2054"]
[WhiteFideId "2073102"]
[BlackFideId "34126195"]
[EventDate "2016.09.22"]

1. e4 d6 2. d4 Nf6 3. Nc3 e5 4. Nf3 Nbd7 5. Bc4 Be7 6. O-O O-O 7. Re1 c6 8. a4
b6 9. Ba2 a6 10. h3 Rb8 11. Be3 b5 12. axb5 axb5 13. dxe5 dxe5 14. Nd2 Nc5 15.
Qf3 Qc7 16. g4 h6 17. Kh2 Be6 18. Rg1 Nh7 19. Qg3 Rfd8 20. Bxe6 Nxe6 21. Ne2 Bc5
22. Bxc5 Nxc5 23. Qe3 Ne6 1/2-1/2

[Event "World Youth Open U14 2016"]
[Site "Khanty-Mansiysk RUS"]
[Date "2016.10.02"]
[Round "10.13"]
[White "Pavlov, Danila"]
[Black "Semjonovs, Ilja"]
[Result "1-0"]
[WhiteElo "2157"]
[BlackElo "2245"]
[WhiteFideId "34126594"]
[BlackFideId "11604263"]
[EventDate "2016.09.22"]

1. e4 c5 2. Nf3 d6 3. d4 cxd4 4. Nxd4 Nf6 5. Nc3 a6 6. Be3 e5 7. Nb3 Be6 8. Qd2
Be7 9. O-O-O O-O 10. f3 a5 11. Kb1 a4 12. Nc1 a3 13. b3 Na6 14. Bxa6 Rxa6 15. g4
Qd7 16. Nd3 b5 17. g5 Ne8 18. Nc5 Qc6 19. Nxa6 Qxa6 20. Nd5 Bxd5 21. Qxd5 Nc7
22. Qd3 Ne6 23. h4 Rc8 24. Rc1 Qa5 25. c4 b4 26. Qd2 Rb8 27. Rcg1 Bf8 28. Rd1 g6
29. Qh2 Qa6 30. Rd5 Nc7 31. Rd3 Ne6 32. Rhd1 Rc8 33. Qd2 Rc6 34. Qxb4 d5 35. Qb5
d4 36. Qxa6 Rxa6 37. Bg1 Nf4 38. Bh2 Ra5 39. Bg3 Bc5 40. Kc2 Nxd3 41. Kxd3 Kf8
42. f4 exf4 43. Bxf4 Ra8 44. Bd2 Be7 45. b4 Ke8 46. c5 Kd7 47. Kc4 Ke6 48. Bf4
f6 49. Rxd4 fxg5 50. Bxg5 1-0

[Event "World Youth Open U14 2016"]
[Site "Khanty-Mansiysk RUS"]
[Date "2016.10.02"]
[Round "10.14"]
[White "Olsen, Filip Boe"]
[Black "Neelash, Saha"]
[Result "1/2-1/2"]
[WhiteTitle "FM"]
[WhiteElo "2241"]
[BlackElo "2020"]
[WhiteFideId "1440640"]
[BlackFideId "5094160"]
[EventDate "2016.09.22"]

1. d4 Nf6 2. c4 c5 3. d5 b5 4. cxb5 a6 5. bxa6 g6 6. Nc3 Bxa6 7. Nf3 d6 8. e4
Bxf1 9. Kxf1 Bg7 10. g3 O-O 11. Kg2 Nbd7 12. a4 Qa5 13. Qc2 Rfb8 14. Bd2 Qb4 15.
Rab1 Qb3 16. Rhc1 Qxc2 17. Rxc2 Rb4 18. Re1 Ng4 19. Rb1 Ngf6 20. Re1 Ne8 21. a5
Nc7 22. Ra1 Kf8 23. Ra4 Na6 24. Ra3 Kg8 25. Na4 Rb5 26. Nc3 Rb7 27. Nd1 Rb5 28.
Nc3 Rb7 29. Nd1 Rb5 1/2-1/2

[Event "World Youth Open U14 2016"]
[Site "Khanty-Mansiysk RUS"]
[Date "2016.10.02"]
[Round "10.15"]
[White "Peng, Hongchi"]
[Black "Sam, Gabriel"]
[Result "1/2-1/2"]
[WhiteElo "2241"]
[BlackElo "2069"]
[WhiteFideId "8609047"]
[BlackFideId "75000776"]
[EventDate "2016.09.22"]

1. e4 c5 2. Nf3 e6 3. d4 cxd4 4. Nxd4 Nc6 5. Nc3 Qc7 6. Be3 a6 7. Bd3 Nf6 8. O-O
Be7 9. f4 d6 10. Qf3 O-O 11. Kh1 Bd7 12. Rae1 b5 13. a3 Nxd4 14. Bxd4 Bc6 15.
Qg3 Rad8 16. e5 Nh5 17. Qh3 g6 18. Ne4 Bxe4 19. Rxe4 dxe5 20. Bxe5 Bd6 21. Qh4
f5 22. Re3 Bxe5 23. Rxe5 Rd6 24. Rfe1 Qc6 25. Be2 Nf6 26. c3 Kg7 27. Bf3 Qc4 28.
Qf2 Qxf4 29. Rxe6 Rf7 30. g3 Rd2 31. R1e2 Rxe2 32. Rxe2 Qc4 33. Kg2 f4 34. Qd4
Qxd4 35. cxd4 fxg3 36. Kxg3 Rd7 37. Rd2 Nd5 38. Bxd5 Rxd5 39. Kf3 Kf7 40. Ke4
Rg5 41. Rc2 h5 42. Rc7+ Ke6 1/2-1/2

[Event "World Youth Open U14 2016"]
[Site "Khanty-Mansiysk RUS"]
[Date "2016.10.02"]
[Round "10.16"]
[White "Juksta, Karolis"]
[Black "Zhalmakhanov, Ramazan"]
[Result "0-1"]
[WhiteElo "2046"]
[BlackElo "2211"]
[WhiteFideId "12809039"]
[BlackFideId "13706357"]
[EventDate "2016.09.22"]

1. d4 Nf6 2. c4 e6 3. Nc3 Bb4 4. f3 d5 5. a3 Bxc3+ 6. bxc3 c5 7. cxd5 exd5 8. e3
c4 9. Ne2 O-O 10. g4 Nc6 11. Ng3 Na5 12. Kf2 Re8 13. h4 Nb3 14. Rb1 Qd6 15. g5
Nd7 16. e4 dxe4 17. Nxe4 Qc7 18. Be3 Nb6 19. Bxc4 Nxc4 20. Qxb3 Nxe3 21. Kxe3
Bf5 22. Rbf1 Qg3 23. Kd2 Qf4+ 24. Kd1 Rac8 25. h5 Qe3 26. g6 hxg6 27. hxg6 Bxg6
28. Qa2 Rxe4 29. fxe4 Rxc3 30. Qd2 Rd3 31. Rh2 Qxd4 32. Rff2 Bxe4 33. Qxd3 Bxd3
34. Kc1 Qc3+ 35. Kd1 g5 36. a4 g4 37. a5 g3 0-1

[Event "World Youth Open U14 2016"]
[Site "Khanty-Mansiysk RUS"]
[Date "2016.10.02"]
[Round "10.17"]
[White "Tomasi, Albert"]
[Black "Thilakarathne, G M H"]
[Result "1/2-1/2"]
[BlackTitle "CM"]
[WhiteElo "2200"]
[BlackElo "2028"]
[WhiteFideId "26063620"]
[BlackFideId "9912053"]
[EventDate "2016.09.22"]

1. e4 c5 2. Nf3 d6 3. d4 cxd4 4. Nxd4 Nf6 5. Nc3 a6 6. g3 e5 7. Nde2 Be7 8. Bg2
Nbd7 9. a4 b6 10. Nd5 Nxd5 11. Qxd5 Rb8 12. Nc3 Bb7 13. Qd1 Qc7 14. O-O O-O 15.
Re1 h6 16. Be3 Nf6 17. Qd3 Rfd8 18. Rad1 Qc6 19. Nd5 Nxd5 20. exd5 Qxa4 21. Bxb6
Rdc8 22. Bh3 Qxc2 23. Bxc8 Qxd3 24. Rxd3 Bxc8 25. Rc1 Bf5 26. Rb3 Bd8 27. Rc6
Be4 28. Rxd6 Bc7 29. Bxc7 Rxb3 30. Rd8+ Kh7 1/2-1/2

[Event "World Youth Open U14 2016"]
[Site "Khanty-Mansiysk RUS"]
[Date "2016.10.02"]
[Round "10.18"]
[White "Roseneck, Jonas"]
[Black "Salimov, Ruslan"]
[Result "1-0"]
[WhiteElo "2178"]
[BlackElo "2026"]
[WhiteFideId "12939870"]
[BlackFideId "13709801"]
[EventDate "2016.09.22"]

1. e4 d6 2. d4 Nf6 3. Nc3 c6 4. Nf3 Qa5 5. Nd2 e5 6. Nc4 Qc7 7. a4 Be7 8. Be2
O-O 9. O-O Nbd7 10. Be3 d5 11. exd5 Nxd5 12. Nxd5 cxd5 13. Nxe5 Nxe5 14. dxe5
Qxe5 15. Bd4 Qd6 16. c3 Bf5 17. Bf3 Be4 18. Bxe4 dxe4 19. Qg4 Bf6 20. Bxf6 Qxf6
21. Qxe4 Qb6 22. Qc2 Rfe8 23. Rfe1 Re6 24. Re2 Rae8 25. Rae1 h6 26. h3 Qa6 27.
Rxe6 Rxe6 28. Rxe6 Qxe6 29. Qd2 Qb3 30. Qd8+ Kh7 31. Qd3+ g6 32. Qb5 Qd1+ 33.
Kh2 Qd6+ 34. g3 b6 35. Qc4 Qf6 36. Qd4 Qe6 37. b4 a6 38. c4 Kg8 39. c5 b5 40.
axb5 axb5 41. Qd8+ Kg7 42. Qb6 Qc4 43. c6 h5 44. h4 g5 45. Qc5 1-0

[Event "World Youth Open U14 2016"]
[Site "Khanty-Mansiysk RUS"]
[Date "2016.10.02"]
[Round "10.19"]
[White "Yeritsyan, Aram"]
[Black "Nielsen, Andre"]
[Result "1-0"]
[WhiteElo "2117"]
[BlackElo "2025"]
[WhiteFideId "34161047"]
[BlackFideId "1518240"]
[EventDate "2016.09.22"]

1. e4 e5 2. Nf3 Nc6 3. Nc3 Nf6 4. Be2 Bb4 5. Nd5 Ba5 6. c3 d6 7. d3 h6 8. b4 Bb6
9. a4 a5 10. Nxb6 cxb6 11. b5 Nb8 12. Qc2 O-O 13. O-O Re8 14. Nd2 Qc7 15. f4
Nbd7 16. Nc4 d5 17. Nxe5 dxe4 18. d4 Nd5 19. Bd2 N7f6 20. Qb3 Bf5 21. c4 Ne7 22.
Be3 Rac8 23. Rfd1 Nd7 24. Rac1 Nxe5 25. fxe5 Ng6 26. Rf1 Be6 27. Qb1 Qe7 28. d5
Bd7 29. e6 fxe6 30. Bh5 Ne5 31. Qxe4 g6 32. Qxe5 gxh5 33. Bd4 1-0

[Event "World Youth Open U14 2016"]
[Site "Khanty-Mansiysk RUS"]
[Date "2016.10.02"]
[Round "10.21"]
[White "Mochalin, Faddey"]
[Black "Bharambe, Bhavik C"]
[Result "0-1"]
[WhiteElo "1912"]
[BlackElo "2104"]
[WhiteFideId "34147290"]
[BlackFideId "25019244"]
[EventDate "2016.09.22"]

1. e4 c6 2. Nf3 d5 3. Nc3 Bg4 4. h3 Bxf3 5. Qxf3 e6 6. a3 Nf6 7. d3 Qb6 8. g3
Nbd7 9. Bg2 Bd6 10. Qe2 O-O 11. O-O d4 12. Nd1 Ne8 13. f4 f6 14. Nf2 c5 15. b3
Qc7 16. Bd2 Rc8 17. a4 b6 18. Rae1 a6 19. e5 fxe5 20. Ng4 exf4 21. Qxe6+ Kh8 22.
Bxf4 Bxf4 23. Rxf4 Nef6 24. Nxf6 Nxf6 25. Qe5 Qa7 26. Qd6 Rfe8 27. Re6 Rxe6 28.
Qxe6 Qc7 29. Bf3 h6 30. Be4 Rb8 31. Kg2 Nh5 32. Qg6 Nxf4+ 33. gxf4 Kg8 34. Bd5+
Kf8 35. Qf5+ Ke8 36. Qe6+ Qe7 37. Qg8+ Qf8 38. Qe6+ Kd8 39. Bc6 Qe7 40. Qd5+ Kc7
41. Ba8 Qd6 42. Qe4 Qf6 43. Kf3 Kd7 44. f5 g6 45. Bd5 Qxf5+ 46. Qxf5+ gxf5 47.
Kf4 Rf8 48. Bc4 a5 49. Bd5 Ke7 50. Ke5 f4 51. Bf3 Rg8 52. Kxf4 Kf6 53. Ke4 Rg3
54. Bg4 Rg2 55. Kd5 Rxc2 56. Kc6 Rc3 57. Kxb6 Rxb3+ 58. Kxa5 Rxd3 59. Kb5 Ra3
60. Bd1 d3 61. Kxc5 d2 62. Kb6 Ra1 63. Bc2 d1=Q 64. Bxd1 Rxd1 65. a5 Kg5 66. a6
Kh4 67. a7 Ra1 0-1

[Event "World Youth Open U14 2016"]
[Site "Khanty-Mansiysk RUS"]
[Date "2016.10.02"]
[Round "10.22"]
[White "Ganerdene, Sugar"]
[Black "Nanayakkara, J A K Saranath"]
[Result "0-1"]
[WhiteElo "2056"]
[BlackElo "1923"]
[WhiteFideId "4902980"]
[BlackFideId "9924906"]
[EventDate "2016.09.22"]

1. e4 c5 2. Nf3 d6 3. d4 cxd4 4. Nxd4 Nf6 5. Nc3 a6 6. Bg5 e6 7. Qf3 Nbd7 8.
O-O-O h6 9. Bxf6 Qxf6 10. Qe3 Be7 11. f4 b5 12. Nc6 Bb7 13. Nxe7 Qxe7 14. a3 Nf6
15. Be2 Rc8 16. Bf3 O-O 17. Kb1 Rc4 18. Rd4 Rfc8 19. Rxc4 Rxc4 20. Rd1 Qc7 21.
Qd3 Ne8 22. Be2 Rc5 23. Bf3 Qb6 24. Qd4 Qc7 25. Be2 Qe7 26. Qe3 Rc8 27. Bd3 Qc7
28. g4 Qc5 29. Re1 b4 30. Na4 Qa5 31. Qb6 Qxa4 32. Qxb7 Qc6 33. Qxc6 Rxc6 34.
axb4 Nf6 35. h3 e5 36. fxe5 dxe5 37. Rd1 Rd6 38. c3 Nxe4 39. Kc2 Nf2 40. Rd2
Nxh3 41. Be2 Rxd2+ 42. Kxd2 Nf4 43. Ke3 Nxe2 44. Kxe2 Kf8 45. Kd3 Ke7 46. c4 Kd6
47. Ke4 g6 48. c5+ Ke6 49. b5 axb5 50. b4 f5+ 51. gxf5+ gxf5+ 52. Kd3 0-1

[Event "World Youth Open U14 2016"]
[Site "Khanty-Mansiysk RUS"]
[Date "2016.10.02"]
[Round "10.23"]
[White "Haring, Filip"]
[Black "Dolgikh, Evgeniy"]
[Result "1/2-1/2"]
[WhiteElo "2099"]
[BlackElo "1904"]
[WhiteFideId "14933080"]
[BlackFideId "34125873"]
[EventDate "2016.09.22"]

1. e4 c5 2. Nf3 Nf6 3. Nc3 d5 4. e5 Nfd7 5. Nxd5 Nxe5 6. Ne3 Nbc6 7. Nxe5 Nxe5
8. b3 Nc6 9. Bb2 e5 10. Bc4 f6 11. O-O Qd6 12. Qh5+ g6 13. Qh4 Be7 14. f4 Be6
15. f5 gxf5 16. Qh5+ Kd8 17. Nxf5 Bxf5 18. Qxf5 Kc7 19. Kh1 Rad8 20. Rad1 Nb4
21. d4 cxd4 22. Ba3 Qb6 23. Qh5 Rd7 24. Qg4 Nxc2 25. Bxe7 Rxe7 26. Rc1 Ne3 27.
Bg8+ Qc6 28. Rxc6+ bxc6 29. Qf3 Rxg8 30. Qxf6 Rge8 31. Rc1 Re6 32. Qf7+ R8e7 33.
Qf8 d3 34. Qf2 Nd5 35. Qxa7+ Kd6 36. Qc5+ Kd7 37. Qa7+ Ke8 38. Qa8+ Kf7 39. Rd1
e4 40. Qa5 Rf6 41. Qd2 Re5 42. h3 Ref5 43. Kh2 h6 44. a4 Rf2 45. Qa5 Re2 46.
Qa7+ Kg6 47. Qd7 Ne3 48. Qe8+ Kg7 49. Qe7+ Rf7 50. Qe5+ Rf6 51. Qe7+ Rf7 52.
Qe5+ 1/2-1/2

[Event "World Youth Open U14 2016"]
[Site "Khanty-Mansiysk RUS"]
[Date "2016.10.02"]
[Round "10.24"]
[White "Oboladze, Luka"]
[Black "Osaka, Takuma"]
[Result "1-0"]
[WhiteElo "2083"]
[BlackElo "1888"]
[WhiteFideId "13608207"]
[BlackFideId "7002084"]
[EventDate "2016.09.22"]

1. e4 c5 2. Nf3 d6 3. d4 cxd4 4. Qxd4 Nc6 5. Bb5 Bd7 6. Bxc6 Bxc6 7. Nc3 Nf6 8.
Bg5 e6 9. O-O-O Be7 10. Qd3 Qa5 11. h4 O-O 12. Nd4 Rfc8 13. f4 a6 14. f5 e5 15.
Nb3 Qc7 16. Bxf6 gxf6 17. Rd2 b5 18. Kb1 b4 19. Nd5 Bxd5 20. exd5 a5 21. Re2 a4
22. Nd2 Ra5 23. Ne4 Qa7 24. g4 Qd7 25. g5 Qd8 26. Rg1 Kh8 27. Reg2 Raa8 28. Qe3
Rc4 29. gxf6 Rxe4 30. Qxe4 Bxf6 31. Qxb4 Qd7 32. Qg4 h6 33. Qh5 Kh7 34. Rg6 fxg6
35. Qxg6+ Kh8 36. Qxh6+ Qh7 37. Qxf6+ Qg7 38. Qxg7# 1-0

[Event "World Youth Open U14 2016"]
[Site "Khanty-Mansiysk RUS"]
[Date "2016.10.02"]
[Round "10.25"]
[White "Ismagilov, Damir"]
[Black "Piyumantha, M Sasith Nipun"]
[Result "1/2-1/2"]
[BlackTitle "FM"]
[WhiteElo "1927"]
[BlackElo "2017"]
[WhiteFideId "34199982"]
[BlackFideId "9916148"]
[EventDate "2016.09.22"]

1. d4 Nf6 2. Nf3 c5 3. c3 d5 4. Bf4 Nbd7 5. e3 g6 6. Nbd2 Bg7 7. Be2 O-O 8. O-O
Nh5 9. Bg5 h6 10. Bh4 g5 11. Bg3 Nxg3 12. hxg3 e5 13. dxe5 Nxe5 14. Nxe5 Bxe5
15. Nf3 Bg7 16. Qd3 Be6 17. Rfd1 Qb6 18. Qb5 Qxb5 19. Bxb5 a6 20. Ba4 b5 21. Bb3
Rfd8 22. Rd2 Rd7 23. Rad1 Rad8 24. Kf1 a5 25. a3 g4 26. Ne1 b4 27. axb4 axb4 28.
cxb4 Kf8 29. f3 Ke7 30. e4 dxe4 31. Rxd7+ Bxd7 32. Bc4 gxf3 33. Kf2 fxg2 34.
Kxg2 cxb4 35. Kf2 Be6 36. Rxd8 Kxd8 37. Bxe6 fxe6 38. b3 Bd4+ 39. Ke2 1/2-1/2

[Event "World Youth Open U14 2016"]
[Site "Khanty-Mansiysk RUS"]
[Date "2016.10.02"]
[Round "10.26"]
[White "Kizatbay, Abyl"]
[Black "Tarun, V Kanth"]
[Result "0-1"]
[WhiteElo "1892"]
[BlackElo "1954"]
[WhiteFideId "1521853"]
[BlackFideId "25012185"]
[EventDate "2016.09.22"]

1. e4 e6 2. d3 d5 3. Nd2 Nf6 4. Ngf3 Nc6 5. c3 dxe4 6. dxe4 Be7 7. e5 Nd7 8. Bb5
O-O 9. Qe2 Nc5 10. b4 a6 11. Bc4 b5 12. bxc5 bxc4 13. Nxc4 Bxc5 14. Bg5 Be7 15.
Rd1 Qe8 16. O-O Bb7 17. Be3 a5 18. Nfd2 f5 19. exf6 Rxf6 20. Ne4 Rg6 21. f3 Ba6
22. Nc5 Bxc5 23. Bxc5 Rg5 24. Ba3 Re5 25. Qf2 Bxc4 26. Rfe1 Rxe1+ 27. Rxe1 Rd8
28. Rb1 Qg6 29. Re1 0-1

[Event "World Youth Open U14 2016"]
[Site "Khanty-Mansiysk RUS"]
[Date "2016.10.02"]
[Round "10.27"]
[White "Piccoli, Lucas Fonseca"]
[Black "Fomin, Maxim"]
[Result "1/2-1/2"]
[WhiteElo "1816"]
[BlackElo "1941"]
[WhiteFideId "2190788"]
[BlackFideId "14137771"]
[EventDate "2016.09.22"]

1. c4 c5 2. Nf3 Nf6 3. Nc3 Nc6 4. g3 g6 5. Bg2 Bg7 6. d4 cxd4 7. Nxd4 O-O 8. O-O
Nxd4 9. Qxd4 d6 10. Qd3 Rb8 11. Be3 b6 12. Bd4 Bb7 13. e4 Qc8 14. b3 Nd7 15. Nd5
Bxd5 16. exd5 Bxd4 17. Qxd4 Qc5 18. Qxc5 Nxc5 19. Rfe1 Rfe8 20. Re3 b5 21. Bf1
b4 22. Rae1 Kf8 23. g4 a5 24. Bd3 a4 25. Bc2 axb3 26. Bxb3 Ra8 27. h4 Ra3 28.
Kg2 Ra7 29. Rg3 Rc8 30. f4 Na4 31. h5 Nc3 32. Rh3 Rcc7 33. f5 Nxa2 34. hxg6 hxg6
35. Rh6 gxf5 36. gxf5 Nc3 37. Kf3 f6 1/2-1/2

[Event "World Youth Open U14 2016"]
[Site "Khanty-Mansiysk RUS"]
[Date "2016.10.02"]
[Round "10.28"]
[White "Akulov, Lev"]
[Black "Araoz Andrade, Ivan Alexander"]
[Result "0-1"]
[WhiteElo "1810"]
[BlackElo "1746"]
[WhiteFideId "242853"]
[BlackFideId "3825299"]
[EventDate "2016.09.22"]

1. e4 e5 2. Nf3 Nc6 3. d4 exd4 4. Nxd4 Bc5 5. Be3 Qf6 6. Nb5 Bxe3 7. fxe3 Kd8 8.
N1c3 Nge7 9. Qd2 a6 10. Nd4 Ne5 11. O-O-O d6 12. h3 Be6 13. Be2 Qg5 14. Nf3 Nxf3
15. gxf3 g6 16. f4 Qc5 17. e5 Nf5 18. exd6 Qxe3 19. dxc7+ Kxc7 20. Qxe3 Nxe3 21.
Rd3 Ng2 22. Rf1 Rhe8 23. Bg4 f5 24. Rf2 Ne1 25. Re3 Nxc2 26. Kxc2 fxg4 27. hxg4
Bxg4 28. Rxe8 Rxe8 29. Rh2 Bf5+ 30. Kb3 h5 31. Ka3 Kc6 32. b3 Re3 33. Ne2 Kd5
34. Rf2 h4 35. Ng1 h3 36. Rh2 Bg4 37. Ka4 b6 38. Rf2 Re1 39. b4 Rxg1 0-1

[Event "World Youth Open U14 2016"]
[Site "Khanty-Mansiysk RUS"]
[Date "2016.10.02"]
[Round "10.29"]
[White "Ogorodnikov, Nikolai"]
[Black "Thybo, Thomas Sondergaard"]
[Result "1-0"]
[WhiteElo "1774"]
[BlackElo "1971"]
[WhiteFideId "34164984"]
[BlackFideId "1441299"]
[EventDate "2016.09.22"]

1. c4 Nf6 2. Nc3 g6 3. d4 Bg7 4. e4 d6 5. f3 O-O 6. Be3 e5 7. d5 Nh5 8. g4 Nf4
9. Qd2 f5 10. gxf5 gxf5 11. O-O-O fxe4 12. fxe4 Na6 13. Nge2 Bg4 14. Re1 Nc5 15.
Nxf4 exf4 16. Bxf4 Qf6 17. Bg5 Qf2 18. Qxf2 Rxf2 19. Be3 Rf3 20. Bxc5 dxc5 21.
Be2 Bxc3 22. bxc3 Rxc3+ 23. Kb2 Bxe2 24. Kxc3 Bh5 25. e5 Kf7 26. e6+ Ke7 27.
Rhg1 Bg6 28. h4 Rf8 29. Re3 Rf5 30. Rgg3 a5 31. Ref3 Re5 32. Rg5 Rxg5 33. hxg5
b6 34. Rf6 Be8 35. Kd2 1-0

[Event "World Youth Open U14 2016"]
[Site "Khanty-Mansiysk RUS"]
[Date "2016.10.02"]
[Round "10.30"]
[White "Slater-Jones, Henry"]
[Black "Hafstad, Leif"]
[Result "1-0"]
[WhiteTitle "CM"]
[WhiteElo "1825"]
[BlackElo "1705"]
[WhiteFideId "3222101"]
[BlackFideId "438030"]
[EventDate "2016.09.22"]

1. d4 d5 2. c4 e6 3. Nc3 Nf6 4. Bg5 Be7 5. Nf3 Nfd7 6. Bxe7 Qxe7 7. cxd5 Nf6 8.
dxe6 Bxe6 9. e3 c6 10. Bd3 Nbd7 11. Qc2 Nb6 12. O-O O-O 13. Ng5 h6 14. Nxe6 Qxe6
15. Rac1 Nbd5 16. Nxd5 Nxd5 17. Bc4 Qd6 18. Bxd5 Qxd5 19. Qc4 Rfd8 20. Qxd5 Rxd5
21. Rc2 Kf8 22. Rfc1 Ke7 23. Rc5 Rad8 24. Kf1 R8d6 25. Ke2 Kd7 26. Rxd5 Rxd5 27.
Rc5 Rxc5 28. dxc5 Ke6 29. b4 Ke5 30. Kd3 a6 31. f3 g5 32. e4 f5 33. exf5 Kxf5
34. Ke3 h5 35. g3 h4 36. f4 gxf4+ 37. gxf4 Kg4 38. Ke4 Kh3 39. f5 Kxh2 40. f6 h3
41. f7 Kg2 42. f8=Q h2 43. Qh8 h1=Q 44. Qxh1+ Kxh1 45. Ke5 1-0

[Event "World Youth Open U14 2016"]
[Site "Khanty-Mansiysk RUS"]
[Date "2016.10.02"]
[Round "10.31"]
[White "Varbanov, Vladimir"]
[Black "Chursin, Aleksandr"]
[Result "1-0"]
[WhiteElo "1794"]
[BlackElo "1675"]
[WhiteFideId "2917505"]
[BlackFideId "34106666"]
[EventDate "2016.09.22"]

1. d4 Nf6 2. c4 c5 3. d5 b5 4. Bg5 Ne4 5. Bf4 d6 6. f3 Nf6 7. e4 b4 8. a3 Qb6 9.
Nd2 g6 10. Bd3 Bg7 11. Ne2 O-O 12. O-O Nh5 13. Rb1 bxa3 14. bxa3 Qa5 15. Bg5 Re8
16. g4 Nf6 17. Qc2 Bd7 18. Nb3 Qc7 19. Nc3 a5 20. Nc1 h6 21. Bf4 Na6 22. N1e2
Reb8 23. Nb5 Qd8 24. Nec3 Ne8 25. Rb3 Nac7 26. Nxc7 Nxc7 27. Rfb1 Na6 28. Rxb8
Rxb8 29. Bd2 e6 30. Rxb8 Nxb8 31. Kg2 exd5 32. cxd5 h5 33. h3 hxg4 34. hxg4 Be5
35. Qb1 Qc8 36. Be2 Na6 37. Qd3 Nc7 38. f4 Bxc3 39. Bxc3 Bxg4 40. Bxa5 Ne8 41.
Qa6 Qd7 42. Qc6 Nf6 43. Qxd7 Bxd7 44. Bd3 Ba4 45. Kf3 Bb3 46. Bc3 Nd7 47. Bb5
Nb6 48. Ba5 Nc4 49. Bxc4 Bxc4 50. Bc7 Bd3 51. Bxd6 f5 52. e5 Be4+ 53. Ke3 Bxd5
54. Bxc5 Kf7 55. a4 Ke6 56. Kd3 Bc6 57. a5 g5 58. fxg5 f4 59. Bb4 f3 60. Be1 Bb7
61. g6 Ba6+ 62. Ke3 Bb7 63. Bg3 1-0